Les 100 premiers mots du dictionnaire de l'académie française - Statistiques

Statistiques générales
  • Ce quiz a été pris 172 fois
  • Le résultat moyen est 9 sur 100
Statistiques - réponses
Réponse % Correct
a
100%
abat
62%
abattre
49%
abbé
34%
abandon
31%
abaisse
26%
abeille
25%
abandonné, -ée
24%
ABC
24%
abattu, -ue
23%
abbaye
23%
abolir
22%
abîme
21%
abaisser
19%
abandonner
18%
abécédaire
17%
abîmer
16%
aber
15%
abord
15%
abolition
14%
abonné, -ée
14%
ablation
13%
abonder
13%
aborder
13%
abat-jour
12%
abcès
12%
abonnement
12%
abaque
11%
abdiquer
11%
abominable
9%
abonner
9%
abdominal, -ale
8%
aberrant, -ante
8%
abasourdir
7%
abattage
7%
abbesse
7%
aboi
7%
abondance
7%
abaissement
6%
aberration
6%
abêtir
6%
abaissant, -ante
5%
abattant
5%
abattement
5%
abattoir
5%
abdomen
5%
abjurer
5%
able
5%
ablution
5%
abomination
5%
abondamment
5%
abordage
5%
abduction
4%
abée
4%
abnégation
4%
aboiement
4%
abondant, -ante
4%
abordable
4%
abatteur
3%
abattis
3%
abbatial, -ale
3%
abject, -ecte
3%
ablette
3%
abominer
3%
abaisse-langue
2%
abasourdissant, -ante
2%
abdication
2%
abjuration
2%
ablatif
2%
abajoue
1%
abandonnement
1%
abêtissant, -ante
1%
abêtissement
1%
abolitionnisme
1%
abominablement
1%
abasie
0%
abâtardir
0%
abâtardissement
0%
abat-foin
0%
abat-son
0%
abattée
0%
abatture
0%
abat-vent
0%
abat-voix
0%
abbevillien, -ienne
0%
abducteur
0%
abecquer
0%
aberrance
0%
abhorrer
0%
abiétacées
0%
abiétinées
0%
ab intestat
0%
abiotique
0%
ab irato
0%
abjectement
0%
abjection
0%
ablégat
0%
ableret
0%
abolitionniste
0%
abonnir
0%
Aucun quiz correspondant
Distribution des résultats
% des personnes avec chaque résultat
Percentile par nombre de réponses
Votre historique - résultats
Vous n’avez pas pris ce quiz